000 00699nam a2200217 i 4500
001 188725
003 ES-MaACL
005 20250901034336.0
007 t|
008 190211s1966 sp ||||1| spa d
100 1 _aSaint-Clair, Simone.
_9166186
245 1 3 _aLa reeducación de los niños subnormales /
_cSimone Saint-Clair ; versión... Angel Abad.
260 _aBarcelona :
_bNova Terra,
_c[1966]
300 _a211 p. ;
_c20 cm.
490 1 _aColección "Navidad" ;
_v8
650 4 _aNiños con discapacidad mental-
_xEducación.
_9148837
700 1 _aAbad, Ángel
_917894
830 0 _aColección "Navidad" ;
_v8
_9181795
852 _aES-MaACL
_jP-474-Ter-7
999 _c188725
_d188725